000 00271nam a22001217a 4500
003 SGT
082 _a616.89
_bC14G
100 _aGAVIN, HELEN
245 _aCRIMINOLOGICAL AND FORENSIC PSYCHOLOGY
260 _aANGELES
_bSAGE
_c2014
300 _a409
942 _2ddc
_cBK
_01
999 _c15036
_d15036